In the days of the ... voice ... of the 7th angel (Record no. 15578)

MARC details
000 -LEADER
fixed length control field 00590ngm a22001931 4500
001 - CONTROL NUMBER
control field 0000023305
005 - DATE AND TIME OF LATEST TRANSACTION
control field 20151217161727.0
007 - PHYSICAL DESCRIPTION FIXED FIELD--GENERAL INFORMATION
fixed length control field vd v
008 - FIXED-LENGTH DATA ELEMENTS--GENERAL INFORMATION
fixed length control field 121026s xx--- vleng d
040 ## - CATALOGING SOURCE
Original cataloging agency KABU
Transcribing agency KABU
245 00 - TITLE STATEMENT
Title In the days of the ... voice ... of the 7th angel
Medium [videorecording] :
260 ## - PUBLICATION, DISTRIBUTION, ETC. (IMPRINT)
Place of publication, distribution, etc. Ontario :
Name of publisher, distributor, etc. BayRidge,
Date of publication, distribution, etc. 2005.
300 ## - PHYSICAL DESCRIPTION
Extent 18 videocassette (xx min.) :
Other physical details sd., col ;
Dimensions 1/2 in.
538 ## - SYSTEM DETAILS NOTE
System details note VHS.
650 #0 - SUBJECT ADDED ENTRY--TOPICAL TERM
Topical term or geographic name as entry element Sermons, American
Chronological subdivision 1948-1965.
-- 0000182686
908 ## - PUT COMMAND PARAMETER (RLIN)
Put command parameter 121026
950 ## - LOCAL HOLDINGS (RLIN)
-- 1
Holdings
Withdrawn status Lost status Source of classification or shelving scheme Not for loan Home library Current library Date acquired Total Checkouts Full call number Barcode Date last seen Price effective from Koha item type
    Library of Congress Classification   Kabarak, Main Campus Kabarak, Main Campus 17/12/2015   BV4253 .B64 2005 c. 1 013802 17/12/2015 17/12/2015 Visual Materials
Designed with assistance from East African Informatics Ltd